000 00824nam a22002177a 4500
005 20240530110529.0
008 160315s2013 ua f b 000 0 ara d
017 _a2013/2865
_bمصر . دار الكتب المصرية
020 _a978977052828
040 _aEG-CaGPL
082 0 4 _221
_a792.0226\
_bز هـ
100 0 _aزينب على محمد على يوسف
245 1 2 _aالهوية الثقافية و مسرح الطفل /
_cتاليف زينب على محمد على يوسف
260 _aالقاهرة :
_bمكتبة الانجلو المصرية ،
_c2013 .
300 _a233 ص ؛
_c24 سم .
504 _aيشتمل على ارجاعات ببليوجرافية
650 0 4 _aالثقافة
650 0 4 _aمسرح الاطفال
942 _2ddc
_cBK
999 _c62055
_d62055